Monty Python: Sketch or Scam? Quiz Stats

 Plays Quiz Updated Mar 28, 2015

Score 0/20 Timer 03:00
2 Plays Today
% Correct
The Ministry of Silly Walks
81.5%
The Spanish Inquisition
81.2%
The Lumberjack Song
80.8%
Dead Parrot
79.8%
Spam
75.1%
Upper Class Twit of the Year
73.3%
The Fish-Slapping Dance
73.1%
Nudge Nudge
70.6%
Self Defense Against Fresh Fruit
67.3%
Argument Clinic
66.3%
% Correct
How Not to Be Seen
62.7%
The Butcher Who Is Alternately Rude and Polite
60.1%
A Man with a Tape Recorder Up His Brother's Nose
59.4%
Hell's Grannies
56.7%
Spot the Looney
56.7%
The Man with Three Buttocks
54.4%
Hospital for Over-Actors
53.6%
How to Recognize a Mason
46.2%
Crunchy Frog
45.1%
Secretary of State Striptease
32.5%

You're not logged in!

Compare scores with friends on all Sporcle quizzes.
OR
Log In

You Might Also Like...

Show Comments

Extras

Top Quizzes Today


Score Distribution

Your Account Isn't Verified!

In order to create a playlist on Sporcle, you need to verify the email address you used during registration. Go to your Sporcle Settings to finish the process.

Report this User

Report this user for behavior that violates our Community Guidelines.

Details: